[Event "Leutersdorf Sparkasse op 15th"]
[Site "Leutersdorf"]
[Date "2011.02.19"]
[Round "3"]
[White "Bauer, Veit"]
[Black "Schmidt, Sergej"]
[Result "1/2-1/2"]
[WhiteElo "1851"]
[BlackElo "1081"]
[PlyCount "79"]
[EventDate "2011.02.18"]
[EventType "swiss"]
[EventRounds "7"]
[EventCountry "GER"]
[SourceTitle "CBM 141 Extra"]
[Source "ChessBase"]
[SourceDate "2011.05.03"]
[SourceVersion "1"]
[SourceVersionDate "2011.05.03"]
[SourceQuality "1"]

1. e4 e6 2. d4 d5 3. Nc3 Bb4 4. e5 c5 5. a3 Bxc3+ 6. bxc3 cxd4 7. cxd4 Ne7 8. Nf3 Nbc6 9. Bd3 Nf5 10. c3 f6 11. Bxf5 exf5 12. exf6 Qxf6 13. 0-0 0-0 14. Bg5 Qg6 15. Bf4 Be6 16. Re1 h6 17. Ne5 Nxe5 18. Rxe5 Rae8 19. Qf3 Qg4 20. Qxg4 fxg4 21. Bg3 Rf6 22. Rae1 Kh7 23. Rxd5 Rc8 24. Rc5 Rxc5 25. dxc5 Bd5 26. Bd6 Bc6 27. Re3 Rf5 28. h3 gxh3 29. Rxh3 Rd5 30. Rg3 a5 31. Kh2 Rh5+ 32. Rh3 Rxh3+ 33. Kxh3 a4 34. f3 Bd5 35. Kg3 Kg6 36. Kf4 h5 37. Ke5 Bc4 38. f4 h4 39. f5+ Kf7 40. Kf4 1/2-1/2